Entre el poema de mio cid y vicente aleixandre : ensayos de literatura hispanica y comparada /
Guardado en:
| Autor Principal: | |
|---|---|
| Formato: | Libro |
| Publicado: |
Barcelona :
Alfa,
1983
|
| Materias: | |
| Etiquetas: |
Agregar Etiqueta
Sin Etiquetas, Sea el primero en etiquetar este registro!
|
| LEADER | 00522nam a22001575a 4500 | ||
|---|---|---|---|
| 001 | EHU.bham007021 | ||
| 003 | AR-BHAM | ||
| 005 | 20090820153419.0 | ||
| 008 | 130507s1983##################000#0#####d | ||
| 082 | 8 | 6 | |a 860.4 |
| 100 | 1 | |a Hempel, Wido | |
| 245 | 1 | 0 | |a Entre el poema de mio cid y vicente aleixandre : |b ensayos de literatura hispanica y comparada / |c Wido Hempel. |
| 260 | |a Barcelona : |b Alfa, |c 1983 | ||
| 300 | |a 198 p. | ||
| 653 | |a Literatura espaÑola-1701-1800 | ||
| 859 | |a AR-BHAM |b BIB. HUMANIDADES - General |h 860.4 |i H376 |p 904.88 |t Ej.1 | ||
